| 000 | 00534nam a2200169Ia 4500 | ||
|---|---|---|---|
| 005 | 20250326141029.0 | ||
| 008 | 250326s9999 xx 000 0 und d | ||
| 037 | _aTextbook | ||
| 040 |
_aFMSL _beng _cFMSL |
||
| 041 |
_aeng _2eng |
||
| 084 |
_aX:74.44 N9 _qFMSL |
||
| 100 | _aBanerjee B P | ||
| 245 | 0 |
_aCorporate strategies: Comprehensive handbook based on the Indian experience _cBanerjee B P |
|
| 260 |
_aNew York _bNew York, Oxford university press _c1999 |
||
| 942 |
_cTB _hX:74.44 N9 |
||
| 999 |
_c1288374 _d1288374 |
||